000 00574nam a22002297a 4500
003 UA-OsUOA
001 48699
007 ta
008 20070911b un ||||| |||| 00| 0 ukr d
100 _aПетефі Ш.
090 _a821.161.2
_bП29
942 _cBK
040 _aUA-OsUOA
_bukr
_cUA-OsUOA
_dUA-OsUOA
245 _aПоезії
300 _a333 с.
955 _a3
041 _aukr
080 _a821.161.2
260 _aК.
_bМодус Колоріс
_c2006
650 7 _a82 Література. Літературознавство
_2UDC
999 _c334805
_d334805